01686 a2200181 45000010006000000050017000060080041000230030015000640400040000790800052001192450051001712500012002222640036002343000026002705051155002961000027014517000026014783835720260407155647.0260407a2007 arg spa dAR-UNSa-BCEJYS aAR-UNSa-BCEJYSbspacAR-UNSa-BCEJYS a911.3:33(82)xGeografía económica argentina10aLa Argentina, geografía humana y económica a14a. ed 1aBuenos Aires :bAlfaomegac2007 axviii, 543 p.c24 cm. aParte I: Territorio: 1. Los factores naturales - 2. Regionales naturales - 3. Configuración del espacio político de la Argentina - 4. Isla del Atlántico Sur - 5. La Antártida Argentina - Parte II: Medio ambiente : 6. Problemas ambientales globales - 7. Desarrollo y medio ambiente - Parte III: Recursos humanos: 8. Desarrollo territorial del poblamiento argentino - 9. Estática demográfica - 10. Dinámica demográfica - 11. Aspectos cualitativos de la población y política demográfica - 12. Vivienda - 13. La pobreza enla Argentina - Parte IV: Actividad económica: 14. Indicadores económicos - 15. Fundamentos de la actividad agropecuaria argentina - 16. La tecnología aplicada al agro - 17. Producción agrícola - 18. Producción ganadera.Producción de granja. Animales pilíferos y fauna silvestre - 19. Pesca marítima y fluvial. Caza - 20. Explotación forestal - 21. Minería - 22. Actividad industrial - 23. Energía - 24. Sistema nacional de transporte y comunicaciones - 25. Comercio - 26. Turismo - 27. El MECOSUR y otras asociaciones de países - 28. De la Argentina actual a la Argentina del futuro. 1 aCarlevari, Isidro J.F.1 aCarlevari, Ricardo D.